[Event "17th Dubai Chess Open"]
[Site "Dubai UAE"]
[Date "2015.04.11"]
[Round "6.11"]
[White "Karthikeyan, Murali"]
[Black "Ivanisevic, Ivan"]
[Result "0-1"]
[WhiteTitle "IM"]
[BlackTitle "GM"]
[WhiteElo "2504"]
[BlackElo "2638"]
[WhiteFideId "5074452"]
[BlackFideId "912417"]
[EventDate "2015.04.06"]

1. e4 c5 2. Nf3 e6 3. d4 cxd4 4. Nxd4 Nf6 5. Nc3 d6 6. Bd3 Be7 7. O-O Nc6 8.
Nxc6 bxc6 9. f4 O-O 10. Kh1 e5 11. Bc4 Rb8 12. b3 Bg4 13. Qd3 d5 14. exd5 e4 15.
Qg3 cxd5 16. Bxd5 Nxd5 17. Nxd5 Qxd5 18. Qxg4 Bf6 19. Rb1 Qa5 20. a4 Qa6 21. Be3
Rfc8 22. c4 Rd8 23. f5 Qb7 24. b4 Rd3 25. Qe2 Qa6 26. Bf4 Re8 27. b5 Qxa4 28. c5
Rb3 29. b6 axb6 30. cxb6 e3 31. Bg3 Qb4 32. Qc2 e2 33. Rfe1 Rxb1 34. Qxb1 Bc3
35. Qxb4 Bxb4 36. Rb1 e1=Q+ 37. Bxe1 Bxe1 38. b7 Bb4 39. g4 Bd6 40. Rd1 Bb8 41.
Kg2 Kf8 42. h4 Ke7 43. g5 Bd6 44. Kf3 Kd7 45. g6 fxg6 46. fxg6 h6 47. Kg4 Re4+ 0-1

[Event "17th Dubai Chess Open"]
[Site "Dubai UAE"]
[Date "2015.04.11"]
[Round "6.12"]
[White "Safarli, Eltaj"]
[Black "Ezat, Mohamed"]
[Result "1-0"]
[WhiteTitle "GM"]
[BlackTitle "IM"]
[WhiteElo "2641"]
[BlackElo "2479"]
[WhiteFideId "13402129"]
[BlackFideId "10600906"]
[EventDate "2015.04.06"]

1. e4 c6 2. d3 d5 3. Nd2 e5 4. Ngf3 Bd6 5. d4 exd4 6. exd5 Nf6 7. dxc6 Nxc6 8.
Nb3 O-O 9. Be2 Re8 10. O-O Bg4 11. h3 Bh5 12. Nfxd4 Bxe2 13. Nxe2 Bh2+ 14. Kxh2
Qxd1 15. Rxd1 Rxe2 16. Rd2 Rae8 17. c3 Re1 18. Rc2 R8e2 19. Rxe2 Rxe2 20. f3 h6
21. Kg1 Nh5 22. g4 Nf6 23. Bd2 Nd5 24. Rd1 Nb6 25. Nc1 Re6 26. Nd3 Na4 27. Bc1
g5 28. Kf2 Rd6 29. Ke2 Re6+ 30. Kd2 Nb6 31. Re1 Rd6 32. Kc2 Nd5 33. Nc5 Rf6 34.
Rd1 Rd6 35. a3 Kg7 36. Nxb7 Rd7 37. Nc5 Rd8 38. b4 Ne5 39. Kb3 Kf8 40. f4 gxf4
41. Bxf4 Nc4 42. Bxh6+ Kg8 43. Rd4 Ncb6 44. c4 Rd6 45. Bf4 1-0

[Event "17th Dubai Chess Open"]
[Site "Dubai UAE"]
[Date "2015.04.11"]
[Round "6.13"]
[White "Pascua, Haridas"]
[Black "Fier, Alexandr"]
[Result "1/2-1/2"]
[WhiteTitle "IM"]
[BlackTitle "GM"]
[WhiteElo "2423"]
[BlackElo "2601"]
[WhiteFideId "5203953"]
[BlackFideId "2107139"]
[EventDate "2015.04.06"]

1. d4 Nf6 2. c4 c5 3. d5 e6 4. Nc3 exd5 5. cxd5 d6 6. Nf3 g6 7. h3 Qe7 8. Bf4 a6
9. a4 Bg7 10. Nd2 Nh5 11. Bh2 Nd7 12. g4 Nhf6 13. Nc4 Ne5 14. Bxe5 dxe5 15. d6
Qd8 16. Nxe5 O-O 17. Bg2 h5 18. Qd3 Re8 19. f4 hxg4 20. hxg4 Rxe5 21. fxe5 Nxg4
22. O-O-O Nf2 23. Qg3 Nxd1 24. Rxd1 Qe8 25. Nd5 Qxa4 26. Ne7+ Kf8 27. Bd5 Bh6+
28. e3 Bg4 29. Rg1 Qd4 30. Kb1 Bf5+ 31. Nxf5 Qd3+ 32. Ka1 Qxf5 33. e4 Qf4 34.
Qh3 Qe3 35. Rg3 Qc1+ 36. Ka2 Kg7 37. Rf3 Rf8 38. Qd7 Bf4 39. Qe7 Bg5 40. Rxf7+
Rxf7 41. Qxf7+ Kh6 42. e6 Qd1 43. Qf8+ Kh7 44. Qf7+ Kh6 45. Qf8+ Kh7 46. Bb3 Qd2
47. Qf7+ Kh6 48. Qf8+ Kh7 49. Qf7+ Kh6 50. Qf8+ Kh7 1/2-1/2

[Event "17th Dubai Chess Open"]
[Site "Dubai UAE"]
[Date "2015.04.11"]
[Round "6.14"]
[White "Rakhmanov, Aleksandr"]
[Black "Georgiadis, Nico"]
[Result "1-0"]
[WhiteTitle "GM"]
[BlackTitle "IM"]
[WhiteElo "2639"]
[BlackElo "2468"]
[WhiteFideId "4173708"]
[BlackFideId "1300113"]
[EventDate "2015.04.06"]

1. c4 e6 2. d4 Nf6 3. Nc3 Bb4 4. e3 d5 5. Bd3 O-O 6. Ne2 dxc4 7. Bxc4 c5 8. O-O
cxd4 9. exd4 Nc6 10. a3 Bd6 11. Qd3 b6 12. Rd1 Bb7 13. Qh3 h6 14. Ng3 Re8 15.
Be3 Ne7 16. Bb5 Bc6 17. Bxc6 Nxc6 18. d5 exd5 19. Nxd5 Nxd5 20. Rxd5 Qf6 21.
Rad1 Bxg3 22. Qxg3 Rad8 23. Rxd8 Rxd8 24. Rxd8+ Qxd8 25. h3 Kh7 26. Qf3 Qd7 27.
g4 Qe6 28. Kg2 Ne7 29. Bf4 Nd5 30. Bg3 Kg8 31. Qd3 g6 32. Qd4 a6 33. Qe5 Qc6 34.
Kh2 Kh7 35. Qb8 b5 36. Qd6 Qxd6 37. Bxd6 h5 38. gxh5 gxh5 39. Kg3 Kg6 40. Kf3
Kf5 41. Bb8 Nb6 42. b3 Nd7 43. Bd6 Ke6 44. Bb4 Ke5 45. Ke3 Nb6 46. Bc3+ Kf5 47.
Kd4 Kf4 48. Kc5 Nc8 49. Kc6 Ne7+ 50. Kb7 Nd5 51. Ba5 Kf3 52. Kxa6 Kxf2 53. Kxb5
Kg3 54. Kc5 Ne7 55. Bd8 Nc8 56. h4 f5 57. Kd4 f4 58. Bc7 Kg4 59. a4 f3 60. Ke3
Ne7 61. Kf2 Nd5 62. Be5 Kf5 63. Bg3 Ke4 64. a5 Nb4 65. Bc7 Nd3+ 66. Kg3 Ke3 67.
Bb6+ Ke2 68. a6 1-0

[Event "17th Dubai Chess Open"]
[Site "Dubai UAE"]
[Date "2015.04.11"]
[Round "6.15"]
[White "Mammadov, Zaur"]
[Black "Volkov, Sergey"]
[Result "1-0"]
[WhiteTitle "IM"]
[BlackTitle "GM"]
[WhiteElo "2470"]
[BlackElo "2614"]
[WhiteFideId "13401033"]
[BlackFideId "4122763"]
[EventDate "2015.04.06"]

1. e4 e6 2. d4 d5 3. e5 c5 4. c3 Qb6 5. Nf3 Bd7 6. Na3 cxd4 7. cxd4 Bb4+ 8. Bd2
Ne7 9. Bd3 Nbc6 10. Nc2 Bxd2+ 11. Qxd2 Na5 12. O-O Rc8 13. b3 Bb5 14. Ne3 Bxd3
15. Qxd3 h6 16. Rfc1 O-O 17. Qd2 Qb5 18. h3 b6 19. Ne1 Nac6 20. Rc3 Qb4 21. N1c2
Qa5 22. b4 Qa4 23. Ra3 Qb5 24. Rb3 Nd8 25. a4 Qd7 26. Ng4 Nf5 27. Nce3 Kh7 28.
Nxf5 exf5 29. Qxh6+ gxh6 30. Nf6+ Kh8 31. Nxd7 Re8 32. Nf6 Re7 33. Nxd5 Rd7 34.
Ne3 Rxd4 35. Nxf5 Rf4 36. Nxh6 Rcc4 37. Rd1 Nc6 38. g3 Rfd4 39. Rxd4 Nxd4 40.
Rd3 Rxb4 41. Nxf7+ Kg8 42. Nd8 Rxa4 43. e6 Kf8 44. h4 Ne2+ 45. Kf1 Re4 46. h5
Kg7 47. Rd7+ Kh6 48. e7 Kxh5 49. Nf7 Nd4 50. Rd5+ Kg4 51. Ne5+ 1-0

[Event "17th Dubai Chess Open"]
[Site "Dubai UAE"]
[Date "2015.04.11"]
[Round "6.16"]
[White "Prohaszka, Peter2"]
[Black "Das, Sayantan"]
[Result "1/2-1/2"]
[WhiteTitle "GM"]
[BlackTitle "IM"]
[WhiteElo "2597"]
[BlackElo "2434"]
[WhiteFideId "726265"]
[BlackFideId "5034426"]
[EventDate "2015.04.06"]

1. d4 d5 2. c4 c6 3. cxd5 cxd5 4. Bf4 Nc6 5. e3 Nf6 6. Nc3 a6 7. Bd3 Bg4 8. Nge2
e6 9. Rc1 Be7 10. O-O O-O 11. Na4 Rc8 12. f3 Bh5 13. Bg3 Bg6 14. Nf4 Nd7 15.
Bxg6 hxg6 16. Nd3 Re8 17. Nac5 Nxc5 18. Nxc5 Bxc5 19. Rxc5 Ne7 20. Rxc8 Qxc8 21.
Qd2 Qd7 22. Rc1 Rc8 23. Rxc8+ Qxc8 24. h4 Nf5 25. Bf2 Nd6 26. b3 Nb5 27. a4 Na7
28. g4 Nc6 29. Kg2 Qf8 30. Be1 Qa3 31. Qc2 Qe7 32. Qc3 Qa3 33. Qc2 1/2-1/2

[Event "17th Dubai Chess Open"]
[Site "Dubai UAE"]
[Date "2015.04.11"]
[Round "6.17"]
[White "Shimanov, Aleksandr"]
[Black "Petrosyan, Manuel"]
[Result "1/2-1/2"]
[WhiteTitle "GM"]
[BlackTitle "IM"]
[WhiteElo "2594"]
[BlackElo "2427"]
[WhiteFideId "4198603"]
[BlackFideId "13300857"]
[EventDate "2015.04.06"]

1. d4 Nf6 2. c4 e6 3. Nc3 Bb4 4. e3 b6 5. Ne2 Ba6 6. Ng3 Bxc3+ 7. bxc3 d5 8. Ba3
Bxc4 9. Bxc4 dxc4 10. Qa4+ Qd7 11. Qxc4 Qc6 12. Qxc6+ Nxc6 13. c4 O-O-O 14. Rc1
Kb7 15. Ke2 Rd7 16. Rhd1 Rhd8 17. Bb2 Nb4 18. a3 Nc6 19. Bc3 Ng8 20. Rd2 Ka6 21.
Rb1 Na5 22. Bxa5 Kxa5 23. Rb5+ Ka6 24. Rdb2 Ne7 25. Nh5 Nc6 26. Rg5 g6 27. Nf6
Re7 28. Rgb5 h6 29. g4 Na5 30. R5b4 Nc6 31. R4b3 Na5 32. Rc3 c5 33. dxc5 Rc7 34.
cxb6 axb6 35. Rbc2 Rdc8 36. Kd3 Rd8+ 37. Ke2 Rdc8 38. h4 Nxc4 39. Ne4 Rc6 40. a4
Ka5 41. Nd2 Ne5 42. Rxc6 Rxc6 43. Rxc6 Nxc6 44. Nc4+ Kxa4 45. Nxb6+ Kb5 46. Nd7
Kc4 47. f4 Kd5 48. Kf3 Kd6 49. Nf6 Ne7 50. e4 Kc7 51. Ke3 Kd6 52. Kf3 Kc7 53. e5
Kc6 54. Ne4 Nd5 55. Nd6 f5 56. Nf7 h5 57. gxh5 gxh5 58. Nd8+ Kd7 59. Nb7 Ke7 60.
Nc5 Kf7 61. Nd3 Kg7 62. Nf2 Kf7 63. Nh3 Ke7 64. Ng5 Nc7 65. Kg3 1/2-1/2

[Event "17th Dubai Chess Open"]
[Site "Dubai UAE"]
[Date "2015.04.11"]
[Round "6.18"]
[White "Pourramezanali, Amirreza"]
[Black "Papp, Gabor1"]
[Result "0-1"]
[WhiteTitle "IM"]
[BlackTitle "GM"]
[WhiteElo "2432"]
[BlackElo "2575"]
[WhiteFideId "12511412"]
[BlackFideId "718602"]
[EventDate "2015.04.06"]

1. e4 c5 2. c3 d5 3. exd5 Qxd5 4. d4 Nc6 5. Nf3 Bg4 6. Be2 cxd4 7. cxd4 e6 8.
Nc3 Qa5 9. h3 Bxf3 10. Bxf3 Bb4 11. O-O Nge7 12. Be3 O-O 13. Qb3 Rfd8 14. Rfd1
Bxc3 15. bxc3 Rd7 16. c4 Rad8 17. d5 Ne5 18. Bd4 Nxf3+ 19. Qxf3 exd5 20. Qg4 Ng6
21. c5 Re7 22. Qg3 Qc7 23. Qxc7 Rxc7 24. Rab1 f6 25. Be3 Kf7 26. Rb5 Ne5 27. Bd4
Nc6 28. f3 Rdd7 29. Bf2 Ne5 30. Bd4 g5 31. Bf2 h5 32. Rb4 Ng6 33. Rbd4 Rxc5 34.
Ra4 Rc2 35. Rxa7 Nf4 36. Rb1 Kg6 37. Rbxb7 Rxb7 38. Rxb7 d4 39. Rd7 d3 40. Be3
Nxg2 41. Rxd3 Ne1 42. Ra3 Nxf3+ 43. Kf1 h4 44. Ra6 g4 45. hxg4 h3 46. g5 Nxg5
47. Ra8 h2 48. Rg8+ Kh7 0-1

[Event "17th Dubai Chess Open"]
[Site "Dubai UAE"]
[Date "2015.04.11"]
[Round "6.19"]
[White "Kovchan, Alexander"]
[Black "Rathnakaran, K."]
[Result "0-1"]
[WhiteTitle "GM"]
[BlackTitle "IM"]
[WhiteElo "2576"]
[BlackElo "2411"]
[WhiteFideId "14103052"]
[BlackFideId "5005507"]
[EventDate "2015.04.06"]

1. e4 e6 2. d4 d5 3. Nc3 Nf6 4. Bg5 Be7 5. e5 Nfd7 6. Bxe7 Qxe7 7. f4 a6 8. Nf3
c5 9. dxc5 Nxc5 10. Bd3 Nc6 11. O-O Bd7 12. a3 f5 13. exf6 gxf6 14. Re1 Nxd3 15.
Qxd3 Qc5+ 16. Kh1 Ne7 17. Rad1 O-O-O 18. Qd4 Qc7 19. Qxf6 Ng6 20. g3 Rhf8 21.
Qd4 Nxf4 22. gxf4 Rxf4 23. Qe3 Rdf8 24. Ne5 Be8 25. Rd4 R4f5 26. Qg3 Bh5 27. Nd3
Bf3+ 28. Kg1 Qb6 29. Nb5 axb5 30. c3 Qd8 31. Nf2 Rg5 32. Ng4 Bxg4 0-1

[Event "17th Dubai Chess Open"]
[Site "Dubai UAE"]
[Date "2015.04.11"]
[Round "6.20"]
[White "Perunovic, Milos"]
[Black "Abhishek, Kelkar"]
[Result "1-0"]
[WhiteTitle "GM"]
[WhiteElo "2632"]
[BlackElo "2343"]
[WhiteFideId "921629"]
[BlackFideId "5019257"]
[EventDate "2015.04.06"]

1. e4 Nf6 2. e5 Nd5 3. d4 d6 4. Nf3 dxe5 5. Nxe5 c6 6. Be2 Bf5 7. O-O Nd7 8. Nf3
e6 9. c4 N5f6 10. Nc3 Bd6 11. Nh4 Bg6 12. g3 O-O 13. Nxg6 hxg6 14. Be3 e5 15.
dxe5 Bxe5 16. Qc2 Qe7 17. Rad1 Nb6 18. b3 Rfe8 19. Bf3 Qb4 20. Ne2 Rad8 21. Nf4
Qa5 22. Bd2 Qa3 23. Nd3 Bd4 24. Bb4 Qa6 25. Nc5 Bxc5 26. Bxc5 Nbd7 27. Bd6 Nf8
28. b4 Ne6 29. a4 Ng5 30. Bg2 Nge4 31. Bc7 Rxd1 32. Rxd1 b6 33. h4 Qc8 34. Bf4
Qf5 35. Qd3 Nh5 36. Be3 Nhf6 37. Bf4 Nh5 38. Re1 Nhf6 39. Re3 Kh7 40. f3 Nxg3
41. Bxg3 Rxe3 42. Qxe3 Qc2 43. Bf1 Qxa4 44. Qc3 a5 45. bxa5 bxa5 46. Bc7 Qd1 47.
Bxa5 Qd6 48. Qe1 Qc5+ 49. Kg2 1-0

[Event "17th Dubai Chess Open"]
[Site "Dubai UAE"]
[Date "2015.04.11"]
[Round "6.21"]
[White "Kathmale, Sameer"]
[Black "Gupta, Abhijeet"]
[Result "1/2-1/2"]
[WhiteTitle "IM"]
[BlackTitle "GM"]
[WhiteElo "2322"]
[BlackElo "2625"]
[WhiteFideId "5024498"]
[BlackFideId "5010608"]
[EventDate "2015.04.06"]

1. e4 c5 2. c3 d5 3. exd5 Qxd5 4. d4 g6 5. Nf3 Bg7 6. Na3 cxd4 7. Bc4 Qd8 8. Nb5
Nf6 9. Nbxd4 O-O 10. O-O Nbd7 11. Re1 e5 12. Nb5 e4 13. Ng5 Ne5 14. Qxd8 Rxd8
15. Bb3 Bf5 16. Bf4 h6 17. Bxe5 hxg5 18. Nd6 Rd7 19. Bxf6 Bxf6 20. Nxe4 Bxe4 21.
Rxe4 Rd2 22. Rb1 a5 23. Kf1 Rad8 24. Re2 g4 25. Rbe1 Kg7 26. Rxd2 Rxd2 27. Re2
Rd6 28. Re4 b5 29. a4 Rb6 30. Re2 b4 31. c4 Rd6 32. g3 Bd8 33. c5 Rc6 34. Rc2
Be7 35. Bd5 Rxc5 36. Rxc5 Bxc5 37. Kg2 1/2-1/2

[Event "17th Dubai Chess Open"]
[Site "Dubai UAE"]
[Date "2015.04.11"]
[Round "6.22"]
[White "Maisuradze, Nino"]
[Black "Ehlvest, Jaan"]
[Result "0-1"]
[WhiteTitle "WGM"]
[BlackTitle "GM"]
[WhiteElo "2302"]
[BlackElo "2547"]
[WhiteFideId "13601717"]
[BlackFideId "4500016"]
[EventDate "2015.04.06"]

1. d4 d6 2. c4 f5 3. Nf3 Nf6 4. g3 g6 5. Bg2 Bg7 6. O-O O-O 7. Nc3 Qe8 8. d5 Na6
9. Nd4 Bd7 10. Rb1 c6 11. b3 Nc7 12. Bb2 c5 13. Ne6 Bxe6 14. dxe6 Rb8 15. e4
Nxe6 16. exf5 gxf5 17. Nd5 Kh8 18. Re1 Nxd5 19. Rxe6 Nc7 20. Rh6 Qf7 21. Bxg7+
Qxg7 22. Rh4 Ne6 23. h3 Nd4 24. Qh5 e5 25. Re1 Rf6 26. g4 Rg6 27. f4 exf4 28.
Bd5 f3 29. Kf2 Rf8 30. Re7 Qxe7 31. Qxg6 Qxh4+ 0-1

[Event "17th Dubai Chess Open"]
[Site "Dubai UAE"]
[Date "2015.04.11"]
[Round "6.23"]
[White "Fawzy, Adham"]
[Black "Arun Prasad, S."]
[Result "1/2-1/2"]
[WhiteTitle "FM"]
[BlackTitle "GM"]
[WhiteElo "2296"]
[BlackElo "2502"]
[WhiteFideId "10613129"]
[BlackFideId "5011167"]
[EventDate "2015.04.06"]

1. e4 c5 2. c4 Nc6 3. Ne2 e5 4. g3 g6 5. Bg2 Bg7 6. Nbc3 d6 7. d3 Nge7 8. O-O
O-O 9. a3 a5 10. Nb5 h6 11. Nec3 Kh7 12. f4 exf4 13. Bxf4 Ne5 14. h3 Be6 15. Kh2
Qd7 16. b3 N7c6 17. Rb1 b6 18. Be3 Rab8 19. d4 cxd4 20. Nxd4 Nxd4 21. Bxd4 f5
22. Qd2 fxe4 23. Nxe4 a4 24. bxa4 Nxc4 25. Qc3 d5 26. Bxg7 Rxf1 27. Bxf1 Qxg7
28. Nf6+ Kh8 29. Re1 Bg8 30. Bxc4 dxc4 31. Rd1 Re8 32. Rd7 Bf7 33. Kg1 Re6 34.
Rd8+ Be8 35. Nd5 Qxc3 36. Nxc3 Kg7 37. Kf2 g5 38. Rc8 Bf7 39. Nb5 h5 40. Rc7 1/2-1/2

[Event "17th Dubai Chess Open"]
[Site "Dubai UAE"]
[Date "2015.04.11"]
[Round "6.24"]
[White "Idani, Pouya"]
[Black "Isaev, Jamshed"]
[Result "1-0"]
[WhiteTitle "GM"]
[BlackTitle "IM"]
[WhiteElo "2496"]
[BlackElo "2310"]
[WhiteFideId "12510130"]
[BlackFideId "14700050"]
[EventDate "2015.04.06"]

1. Nf3 d5 2. c4 e6 3. g3 Nf6 4. Bg2 c6 5. b3 Be7 6. O-O O-O 7. d4 Nbd7 8. Nc3 b6
9. Bb2 Ba6 10. Nd2 Rc8 11. Re1 c5 12. dxc5 dxc4 13. b4 bxc5 14. b5 Rb8 15. a4
Bb7 16. Bxb7 Rxb7 17. Nxc4 Nb6 18. Ne5 Nfd5 19. Nc6 Qe8 20. e4 Nb4 21. Nxe7+
Qxe7 22. Qe2 Rd8 23. a5 Nc8 24. Red1 Rbd7 25. Rxd7 Rxd7 26. Na4 Nd3 27. Qc2 Nxb2
28. Nxb2 Rb7 29. Qd3 Qe8 30. Rd1 Kf8 31. Qd8 Re7 32. Nc4 f5 33. e5 Qxd8 34.
Rxd8+ Re8 35. Rxe8+ Kxe8 36. Nd6+ Kd7 37. Nxc8 Kxc8 38. Kf1 Kb7 39. Ke2 a6 40.
b6 g5 41. f4 g4 42. Kd3 Kc6 43. Kc4 h6 44. Kc3 Kd7 45. Kd3 Kc6 1-0

[Event "17th Dubai Chess Open"]
[Site "Dubai UAE"]
[Date "2015.04.11"]
[Round "6.25"]
[White "Hayrapetyan, Hovik"]
[Black "Saleh, Nabil"]
[Result "1-0"]
[WhiteTitle "GM"]
[BlackTitle "FM"]
[WhiteElo "2465"]
[BlackElo "2284"]
[WhiteFideId "13302639"]
[BlackFideId "9300139"]
[EventDate "2015.04.06"]

1. Nf3 d5 2. c4 c6 3. e3 Nf6 4. b3 Bg4 5. Bb2 e6 6. h3 Bxf3 7. gxf3 Be7 8. Qc2
Nbd7 9. f4 Nc5 10. d3 a5 11. Bc3 O-O 12. Nd2 b5 13. Rg1 g6 14. Be2 Na6 15. Kf1
Nb4 16. Qb1 bxc4 17. dxc4 c5 18. Qb2 d4 19. exd4 cxd4 20. Bxd4 Nc2 21. Bc3 Nxa1
22. Qxa1 Qd6 23. Rg3 Rfd8 24. Rf3 Qc6 25. Bd3 Rxd3 26. Rxd3 Nh5 27. f3 Nxf4 28.
Re3 Bb4 29. Ne4 f5 30. Nf6+ Kf7 31. Bxb4 axb4 32. Nxh7 Nh5 33. Ng5+ Kg8 34. Rxe6 1-0

[Event "17th Dubai Chess Open"]
[Site "Dubai UAE"]
[Date "2015.04.11"]
[Round "6.26"]
[White "Deshpande, Aniruddha"]
[Black "Sagar, Shah"]
[Result "1/2-1/2"]
[BlackTitle "IM"]
[WhiteElo "2232"]
[BlackElo "2458"]
[WhiteFideId "5021774"]
[BlackFideId "5022509"]
[EventDate "2015.04.06"]

1. e4 c6 2. d4 d5 3. e5 Bf5 4. Nf3 e6 5. Be2 Nd7 6. O-O Nh6 7. Nbd2 Bg6 8. Nb3
Nf5 9. a4 Be7 10. a5 a6 11. Bf4 O-O 12. c4 Nh4 13. Nxh4 Bxh4 14. Qd2 dxc4 15.
Bxc4 Be4 16. Qe2 Bd5 17. Nd2 Bg5 18. Bxg5 Qxg5 19. Ne4 Qh4 20. Rfe1 Rfd8 21. Qd3
Bxe4 22. Rxe4 Qe7 23. Qe3 Nf8 24. h4 Rac8 25. Qh3 Qb4 26. b3 Qd2 27. Qg4 Rd7 28.
h5 Rcd8 29. Rd1 Qc2 30. Rd3 Qc1+ 31. Kh2 Qh6 32. Rh3 c5 33. dxc5 Rd1 34. Qf4
Qxf4+ 35. Rxf4 Nd7 36. c6 bxc6 37. Re3 Ra8 38. Be2 Rd5 39. Bf3 Rxe5 40. Bxc6
Rxh5+ 41. Rh3 Rxh3+ 42. Kxh3 Ra7 43. Rd4 Nf8 44. Rb4 g6 45. Rb7 Ra8 46. Rb6 Rd8
47. b4 Rd4 48. Rxa6 Rxb4 49. Rb6 Rc4 50. f3 Rc2 51. Ba4 Ra2 52. Rb4 e5 53. a6
Ne6 54. a7 Nc7 55. a8=Q+ Nxa8 56. Rb8+ Kg7 57. Rxa8 f5 58. Bc6 Rc2 59. Ra7+ Kf6
60. Bd5 Rd2 61. Bc4 Rc2 62. Bg8 h5 63. Rf7+ Kg5 64. Re7 Kf4 65. g3+ Kxf3 66.
Rxe5 Rc3 67. Kh4 Ra3 68. Rb5 Ra4+ 69. Kh3 f4 70. Rb3+ Ke2 71. gxf4 Rxf4 72. Rg3
Rf3 1/2-1/2

[Event "17th Dubai Chess Open"]
[Site "Dubai UAE"]
[Date "2015.04.11"]
[Round "6.27"]
[White "Mohannad, Farhan"]
[Black "Harutyunian, Tigran K."]
[Result "0-1"]
[WhiteTitle "FM"]
[BlackTitle "IM"]
[WhiteElo "2221"]
[BlackElo "2445"]
[WhiteFideId "8100918"]
[BlackFideId "13303635"]
[EventDate "2015.04.06"]

1. d4 d5 2. c4 c6 3. Nf3 Nf6 4. cxd5 cxd5 5. Nc3 Nc6 6. Bf4 Bf5 7. e3 e6 8. Bd3
Bg6 9. O-O Be7 10. Ne5 Nxe5 11. dxe5 Nd7 12. Bxg6 hxg6 13. e4 dxe4 14. Qa4 g5
15. Bg3 a6 16. Rfd1 b5 17. Qxe4 Ra7 18. Qe3 Rb7 19. Ne4 O-O 20. Rac1 Qb6 21. Qf3
Rc7 22. Qg4 Rfc8 23. Rxc7 Qxc7 24. Nd6 Bxd6 25. exd6 Qc2 26. Rf1 Rc5 27. h4 Qxb2
28. hxg5 g6 29. Bf4 Qxa2 30. Be3 Rc6 31. Rd1 Qc2 32. Qd4 Rc4 33. Qa1 e5 34. Rc1
Qa4 35. Qxa4 Rxc1+ 36. Bxc1 bxa4 37. Kf1 Kf8 38. Ke2 Ke8 39. Kd3 Nb6 40. Bb2 e4+
41. Kd4 Kd7 42. Ba3 Nc8 43. Kd5 Na7 44. Kc5 Nb5 45. Bc1 a3 46. Kb6 a2 47. Bb2
Na3 48. Kxa6 Nc2 49. Kb5 Kxd6 50. Kc4 a1=Q 51. Bxa1 Nxa1 52. Kd4 e3 53. Kxe3 Ke5
54. f4+ Kd5 55. g4 Nc2+ 56. Kd3 0-1

[Event "17th Dubai Chess Open"]
[Site "Dubai UAE"]
[Date "2015.04.11"]
[Round "6.29"]
[White "Laxman, R.R."]
[Black "Soozankar, A.M."]
[Result "1-0"]
[WhiteTitle "GM"]
[BlackTitle "FM"]
[WhiteElo "2375"]
[BlackElo "2240"]
[WhiteFideId "5005361"]
[BlackFideId "12503029"]
[EventDate "2015.04.06"]

1. d4 Nf6 2. Nf3 g6 3. Bg5 Bg7 4. Nbd2 d5 5. e3 O-O 6. Be2 Nbd7 7. O-O Re8 8. c4
c6 9. Rc1 e5 10. cxd5 cxd5 11. dxe5 Nxe5 12. Nxe5 Rxe5 13. Nf3 Re8 14. Bb5 Rf8
15. Nd4 Qb6 16. Bf4 Ne8 17. Qb3 a6 18. Bd3 Bxd4 19. exd4 Qxb3 20. axb3 Bd7 21.
Rfe1 Bc6 22. f3 Ng7 23. Kf2 Ne6 24. Bd6 Rfe8 25. Be5 Rac8 26. Rc3 Bd7 27. Rec1
Kf8 28. Bf6 Nf4 29. Bf1 Rxc3 30. bxc3 Bf5 31. c4 dxc4 32. bxc4 Nd3+ 33. Bxd3
Bxd3 34. Rc3 Re2+ 35. Kg3 Bc2 36. d5 Ke8 37. c5 Bf5 38. Kf4 Rc2 39. Re3+ Kf8 40.
g4 Bc8 41. h4 a5 42. Kg5 Rd2 43. Kh6 1-0

[Event "17th Dubai Chess Open"]
[Site "Dubai UAE"]
[Date "2015.04.11"]
[Round "6.30"]
[White "Baghdasaryan, Vahe"]
[Black "Saeed, Ishaq"]
[Result "1-0"]
[WhiteTitle "IM"]
[BlackTitle "FM"]
[WhiteElo "2400"]
[BlackElo "2200"]
[WhiteFideId "13303139"]
[BlackFideId "9301453"]
[EventDate "2015.04.06"]

1. Nf3 Nf6 2. g3 c5 3. c4 e6 4. Nc3 b6 5. Bg2 Bb7 6. O-O Be7 7. Re1 d6 8. e4 e5
9. d4 Nc6 10. dxe5 dxe5 11. Nd5 O-O 12. a4 Re8 13. Ra3 h6 14. Rd3 Bf8 15. b3 Nh7
16. Kh1 Qc8 17. Nh4 Nd4 18. f4 g6 19. fxe5 Bg7 20. Nf3 Nc6 21. e6 fxe6 22. Nf4
Nf8 23. Qd2 Qc7 24. Nxg6 Nxg6 25. Rd7 Qxd7 26. Qxd7 Re7 27. Qd3 Rd8 28. Qe2 Kh8
29. Ng5 Nce5 30. Qh5 Kg8 31. Nh3 Kh7 32. Bg5 Rd3 33. Bxe7 Nxe7 34. Ng5+ Kg8 35.
Qe8+ Bf8 36. Rf1 N7g6 37. Qxe6+ Kg7 38. Rf7+ 1-0

[Event "17th Dubai Chess Open"]
[Site "Dubai UAE"]
[Date "2015.04.11"]
[Round "6.31"]
[White "Kanter, Eduard"]
[Black "Rajarishi, Karthi"]
[Result "1/2-1/2"]
[WhiteTitle "IM"]
[WhiteElo "2349"]
[BlackElo "2055"]
[WhiteFideId "4103963"]
[BlackFideId "5092523"]
[EventDate "2015.04.06"]

1. d4 d5 2. c4 e6 3. Nf3 Nf6 4. g3 Be7 5. Bg2 O-O 6. O-O dxc4 7. Ne5 Nc6 8. Nxc6
bxc6 9. Na3 Bxa3 10. bxa3 Nd5 11. Qa4 Rb8 12. Qxc4 Rb6 13. Qc2 Ba6 14. Rd1 Qe7
15. e4 Nf6 16. a4 Rd8 17. a5 Rbb8 18. a4 Qb4 19. Ba3 Qc4 20. Qxc4 Bxc4 21. Rdc1
Bb3 22. Rxc6 Rxd4 23. Bc5 Rxa4 24. Rc1 Rxa5 25. Rxc7 h6 26. Bxa7 Rb4 27. Bc5 Rc4
28. Bb6 Raa4 29. R7xc4 Rxc4 30. Rxc4 Bxc4 31. f3 Nd7 32. Bc7 Kf8 33. Bd6+ Ke8
34. Kf2 f5 35. Ke3 fxe4 36. Kxe4 Bd5+ 37. Ke3 Kf7 38. Bf1 g5 39. Be2 e5 40. Bd3
Ke6 41. Bb4 Nf6 42. Bf8 h5 43. Bg6 Bc6 44. Bh6 g4 45. f4 Nd5+ 46. Kf2 exf4 47.
gxf4 h4 48. Bg5 Ne7 49. Bh5 g3+ 50. hxg3 hxg3+ 51. Kxg3 Nf5+ 52. Kf2 Be4 53. Bd1
Nd6 54. Ke3 Kf5 55. Ba4 Bd5 56. Kd4 Nf7 57. Bc2+ Kg4 58. Be7 Be6 59. Ke3 Nh6 60.
Bg5 Nf7 61. Bf6 Nh6 62. Be5 Nf5+ 63. Ke4 Ng3+ 64. Kd4 Ne2+ 65. Ke3 Ng3 66. Bd1+
Kh4 67. Bf6+ Kh3 68. Kd4 Bg4 69. Bc2 Bf5 70. Ba4 Kg4 71. Ke5 Bd3 72. Bd1+ Be2
73. Bc2 Bb5 74. Bd8 Bd7 75. Ba5 Nf5 76. Bd1+ Kh3 77. Kf6 Ne3 78. Be2 Bg4 79. Bd3
Kg3 80. Kg5 Kf3 81. Bd2 Bc8 82. Bb5 Nf5 83. Bc6+ Ke2 84. Bc1 Kd3 85. Kf6 Nd4 86.
Be8 Ke4 87. Kg5 Ne6+ 88. Kf6 Nxf4 1/2-1/2

[Event "17th Dubai Chess Open"]
[Site "Dubai UAE"]
[Date "2015.04.11"]
[Round "6.33"]
[White "Vijayalakshmi, Subbaraman"]
[Black "Bit-Narva, David"]
[Result "1-0"]
[WhiteTitle "IM"]
[WhiteElo "2319"]
[BlackElo "2117"]
[WhiteFideId "5004098"]
[BlackFideId "24128856"]
[EventDate "2015.04.06"]

1. d4 Nf6 2. Nf3 g6 3. g3 Bg7 4. Bg2 O-O 5. c4 c5 6. d5 d6 7. O-O e6 8. Nc3 exd5
9. cxd5 Re8 10. Nd2 a6 11. a4 Nbd7 12. h3 Rb8 13. Nc4 Ne5 14. Na3 Nh5 15. f4
Nxg3 16. fxe5 Nxf1 17. Qxf1 Bxe5 18. Nc4 Bd4+ 19. e3 Bg7 20. Ne4 Bxh3 21. Nexd6
Re7 22. Bxh3 b5 23. axb5 axb5 24. Na5 Qxd6 25. Nc6 Qg3+ 26. Bg2 Re5 27. Ra7 Rf8
28. Nxe5 Bxe5 29. Qf2 Qg4 30. Bd2 Bxb2 31. Qf3 Qxf3 32. Bxf3 c4 33. Bb4 Rc8 34.
d6 c3 35. d7 Rd8 36. Ra8 1-0